Zásady regionální ekonomické politiky v procesu transformace.

Rôzne dôsledky pôsobenia transformačných procesov na rozvoj a úroveň jednotlivých regiónov. Formulácia zásad regionálnej ekonomickej politiky rešpektujúcej teoretické postuláty regionálnej politiky vyspelých krajín, stav a vývoj čs. transformácie a medzinárodné aspekty regionálnych problémov.

Saved in:
Bibliographic Details
Main Author: Hučka, Miroslav
Format: Book Chapter
Language:Czech
Subjects:
Tags: Add Tag
No Tags, Be the first to tag this record!

MARC

LEADER 00000naa a2200000 4500
001 r009521
005 20220831084746.4
041 0 |a cze 
044 |a [CS] 
245 1 0 |a Zásady regionální ekonomické politiky v procesu transformace.  |c Miroslav Hučka 
520 |a Rôzne dôsledky pôsobenia transformačných procesov na rozvoj a úroveň jednotlivých regiónov. Formulácia zásad regionálnej ekonomickej politiky rešpektujúcej teoretické postuláty regionálnej politiky vyspelých krajín, stav a vývoj čs. transformácie a medzinárodné aspekty regionálnych problémov. 
610 2 0 |a transformácia 
610 2 0 |a politika regionálna 
610 2 0 |a regionalizácia 
610 2 0 |a rozvoj hospodársky 
610 2 0 |a ČSFR 
100 1 |a Hučka, Miroslav